000 00416nam a2200157Ia 4500
005 20250507125756.0
008 008 250505s9999 xx 000 0 kor d
037 _aAudio
040 _aEASL
_beng
_cEASL
041 _akor
_2eng
084 _aCD00032
_qEASL
245 0 _aBukhan Jamyim Qujeagi = Under cover in North Korea
650 _aKorean
942 _cAUD
_hCD00032
999 _c1313015
_d1313015